[Event "Tambov Korensky Memorial 29th"]
[Site "Tambov"]
[Date "2020.09.03"]
[Round "6"]
[White "Geranichev, Mikhail"]
[Black "Shcherbashin, Victor"]
[Result "1-0"]
[WhiteElo "1994"]
[BlackElo "2143"]
[PlyCount "107"]
[EventDate "2020.08.29"]
[EventType "swiss"]
[EventRounds "9"]
[EventCountry "RUS"]
[SourceTitle "EXT 2021"]
[Source "ChessBase"]
[SourceDate "2020.10.23"]
[SourceVersion "1"]
[SourceVersionDate "2020.10.23"]
[SourceQuality "1"]

1. e4 c5 2. Nf3 Nc6 3. d4 cxd4 4. Nxd4 e5 5. Nb5 Nf6 6. N1c3 d6 7. Bg5 a6 8. Na3 b5 9. Nd5 Be7 10. Bxf6 Bxf6 11. c3 0-0 12. Nc2 Bg5 13. Nce3 Bxe3 14. Nxe3 Be6 15. Be2 Ne7 16. Bg4 Ra7 17. 0-0 Rd7 18. a4 d5 19. Bxe6 fxe6 20. Qb3 bxa4 21. Rxa4 Rd6 22. exd5 exd5 23. Rd1 Kh8 24. Qc2 Ng6 25. g3 Qd7 26. Ra5 Ne7 27. Qe2 Qe6 28. Rc5 h6 29. b4 Rfd8 30. Rc7 Ng6 31. h4 e4 32. Qg4 Qf6 33. Qf5 Qxf5 34. Nxf5 Rf6 35. Ne3 Rdf8 36. Rf1 Ne5 37. Nxd5 Rf3 38. Re7 Nc4 39. Nf4 Kg8 40. Ne6 R8f6 41. Nd4 Rxc3 42. b5 axb5 43. Nxb5 Rd3 44. Nc7 Nd2 45. Ra1 h5 46. Ne6 Kh7 47. Ra8 Kg6 48. Rxg7+ Kf5 49. Ng5 e3 50. Ra5+ Kg4 51. Ra4+ Kf5 52. Rf4+ Ke5 53. Re7+ Kd6 54. Rxe3 1-0

[Event "Tambov Korensky Memorial 29th"]
[Site "Tambov"]
[Date "2020.08.30"]
[Round "2"]
[White "Afonasieva, Anna"]
[Black "Shcherbashin, Victor"]
[Result "1-0"]
[WhiteElo "2274"]
[BlackElo "2143"]
[PlyCount "137"]
[EventDate "2020.08.29"]
[EventType "swiss"]
[EventRounds "9"]
[EventCountry "RUS"]
[SourceTitle "EXT 2021"]
[Source "ChessBase"]
[SourceDate "2020.10.23"]
[SourceVersion "1"]
[SourceVersionDate "2020.10.23"]
[SourceQuality "1"]

1. d4 d5 2. Bf4 Nf6 3. e3 Bf5 4. c4 c6 5. Nc3 Qb6 6. Qb3 dxc4 7. Bxc4 e6 8. Nf3 Be7 9. 0-0 0-0 10. h3 Nbd7 11. Nh4 Qxb3 12. axb3 Be4 13. Nxe4 Nxe4 14. Nf3 Bd6 15. Bxd6 Nxd6 16. Bd3 c5 17. Rfc1 Rfc8 18. Ne5 Nxe5 19. dxe5 Ne8 20. Be4 Rc7 21. Ra5 b6 22. Raxc5 Rxc5 23. Rxc5 bxc5 24. Bxa8 f6 25. Bc6 Nc7 26. exf6 gxf6 27. Kf1 Kf7 28. Ke2 Ke7 29. g4 e5 30. Kd3 Kd6 31. Be4 h6 32. Kc4 Na6 33. h4 Nc7 34. Bg6 Nd5 35. Bf7 Nb4 36. h5 e4 37. Bg6 Ke5 38. Bf5 Na6 39. Bd7 Kd6 40. Bc8 Nb4 41. Bb7 Ke5 42. Ba8 f5 43. gxf5 Kxf5 44. f3 exf3 45. Bxf3 Nc2 46. e4+ Kf4 47. Bh1 Ke5 48. Kxc5 Ne1 49. Kc4 Nc2 50. b4 Ne3+ 51. Kb5 Nc2 52. Ka5 Kd6 53. b5 Nd4 54. b6 Nc6+ 55. Ka6 axb6 56. Kxb6 Nb4 57. Kb5 Nd3 58. b4 Nf2 59. Bg2 Nd3 60. Ka5 Ne5 61. Ka6 Kc7 62. b5 Nd7 63. Ka7 Nb6 64. Bh3 Nc4 65. Bf5 Nb6 66. e5 Nc4 67. e6 Nd6 68. b6+ Kd8 69. b7 1-0

[Event "Tambov Korensky Memorial 28th"]
[Site "Tambov"]
[Date "2019.08.31"]
[Round "8"]
[White "Shcherbashin, Victor"]
[Black "Skomorokhov, Kirill"]
[Result "1-0"]
[WhiteElo "2102"]
[BlackElo "2001"]
[PlyCount "152"]
[EventDate "2019.08.24"]
[EventType "swiss"]
[EventRounds "9"]
[EventCountry "RUS"]
[SourceTitle "EXT 2020"]
[Source "ChessBase"]
[SourceDate "2019.10.17"]
[SourceVersion "1"]
[SourceVersionDate "2019.10.17"]
[SourceQuality "1"]

1. d4 d5 2. Bf4 Nf6 3. e3 e6 4. Nf3 c5 5. c3 Bd6 6. Bb5+ Nc6 7. Ne5 Bxe5 8. Bxe5 0-0 9. Bxc6 bxc6 10. 0-0 Ba6 11. Re1 cxd4 12. Bxf6 Qxf6 13. exd4 Rab8 14. b4 c5 15. bxc5 Rb2 16. Nd2 Rfb8 17. Nf3 g5 18. h3 h5 19. Qc1 g4 20. hxg4 hxg4 21. Qg5+ Qxg5 22. Nxg5 Bd3 23. f3 g3 24. Nh3 Bf5 25. Nf4 Kf8 26. Kh1 Ke7 27. Nxd5+ Kd7 28. Nf4 a5 29. a4 Rc2 30. Rac1 Ra2 31. Re2 Rxa4 32. Kg1 Rc4 33. Nh5 Rxc3 34. Ra1 a4 35. Nxg3 Rb1+ 36. Re1 Rxe1+ 37. Rxe1 Bc2 38. Rc1 a3 39. Ne4 Rc4 40. Nd6 a2 41. Ra1 Ra4 42. Kf2 Bb3 43. Ke3 f5 44. Kd3 Bd5 45. Nf7 Ra8 46. Ne5+ Kc7 47. Nc4 f4 48. Nb6 Ra3+ 49. Kc2 Bc6 50. Kb2 Rd3 51. Rxa2 Rxd4 52. Kc3 Rd1 53. Re2 Rc1+ 54. Rc2 Re1 55. Kd2 Rg1 56. Kd3 Rd1+ 57. Kc4 Bd5+ 58. Kb4 Rb1+ 59. Kc3 Kc6 60. Kd4 Re1 61. Nxd5 exd5 62. Rd2 Rc1 63. Ke5 Rxc5 64. Kxf4 Rc4+ 65. Ke5 Rh4 66. g4 Rh3 67. Rxd5 Rxf3 68. Rd1 Rf2 69. g5 Re2+ 70. Kf6 Rf2+ 71. Kg7 Rf3 72. g6 Rg3 73. Kf7 Rf3+ 74. Kg8 Rf2 75. g7 Ra2 76. Rh1 Kd6 1-0

[Event "Tambov Korensky Memorial 28th"]
[Site "Tambov"]
[Date "2019.08.30"]
[Round "7"]
[White "Shcherbashin, Victor"]
[Black "Uryupin, Igor Nikolaevich"]
[Result "0-1"]
[WhiteElo "2102"]
[BlackElo "2163"]
[PlyCount "78"]
[EventDate "2019.08.24"]
[EventType "swiss"]
[EventRounds "9"]
[EventCountry "RUS"]
[SourceTitle "EXT 2020"]
[Source "ChessBase"]
[SourceDate "2019.10.17"]
[SourceVersion "1"]
[SourceVersionDate "2019.10.17"]
[SourceQuality "1"]

1. e4 d6 2. d4 Nf6 3. Nc3 g6 4. Nf3 Bg7 5. Be2 0-0 6. 0-0 c6 7. a4 Nbd7 8. h3 e5 9. dxe5 dxe5 10. Be3 Qe7 11. Nd2 Nc5 12. Bc4 a5 13. Qe2 Ne6 14. Bxe6 Bxe6 15. Nb3 Nd7 16. Rfd1 Rfd8 17. Rd2 Bxb3 18. cxb3 Nc5 19. Rxd8+ Rxd8 20. Bxc5 Qxc5 21. Rd1 Rd4 22. Qc2 Bf6 23. Rd3 h5 24. Qd1 Bh4 25. Rxd4 exd4 26. Ne2 d3 27. Qxd3 Qxf2+ 28. Kh1 Qf1+ 29. Kh2 Bf6 30. Qd6 Bxb2 31. Nf4 Kg7 32. Qc7 h4 33. Qd6 Bc3 34. Nd3 Bd2 35. Qd4+ Kh7 36. e5 Bg5 37. Qc4 b5 38. axb5 cxb5 39. Qd5 Be3 0-1

[Event "Tambov Korensky Memorial 28th"]
[Site "Tambov"]
[Date "2019.08.24"]
[Round "1"]
[White "Shcherbashin, Victor"]
[Black "Korshunov, Alexey"]
[Result "1-0"]
[WhiteElo "2102"]
[BlackElo "1989"]
[PlyCount "37"]
[EventDate "2019.08.24"]
[EventType "swiss"]
[EventRounds "9"]
[EventCountry "RUS"]
[SourceTitle "EXT 2020"]
[Source "ChessBase"]
[SourceDate "2019.10.17"]
[SourceVersion "1"]
[SourceVersionDate "2019.10.17"]
[SourceQuality "1"]

1. e4 e5 2. Nc3 Nf6 3. Nf3 Nc6 4. Bc4 Nxe4 5. Nxe4 d5 6. Bd3 dxe4 7. Bxe4 Bd6 8. 0-0 0-0 9. Re1 Re8 10. d3 h6 11. c3 Ne7 12. d4 f5 13. Bc2 e4 14. Bb3+ Kh7 15. Ng5+ Kg6 16. Bf7+ Kf6 17. Bxe8 hxg5 18. Qh5 Bf4 19. Qf7# 1-0

[Event "Tambov Korensky Memorial 27th"]
[Site "Tambov"]
[Date "2018.08.14"]
[Round "4"]
[White "Vyaznikov, Sergey O"]
[Black "Shcherbashin, Victor"]
[Result "1-0"]
[WhiteElo "2212"]
[BlackElo "2197"]
[PlyCount "149"]
[EventDate "2018.08.11"]
[EventType "swiss"]
[EventRounds "9"]
[EventCountry "RUS"]
[SourceTitle "CBM 186 Extra"]
[Source "ChessBase"]
[SourceDate "2018.08.24"]
[SourceVersion "1"]
[SourceVersionDate "2018.08.24"]
[SourceQuality "1"]

1. d4 d5 2. e3 Nf6 3. f4 c5 4. c3 e6 5. Bd3 Ne4 6. Nf3 f5 7. 0-0 Be7 8. Ne5 0-0 9. b3 Nd7 10. Bb2 Nxe5 11. dxe5 Bd7 12. Qe2 Qe8 13. c4 Bc6 14. Nc3 Nxc3 15. Bxc3 Rd8 16. Rad1 d4 17. Bd2 Qg6 18. exd4 Rxd4 19. Be3 Rd7 20. Bc2 Rfd8 21. Rxd7 Rxd7 22. Rd1 Qe8 23. Rxd7 Qxd7 24. Qd2 Qe8 25. Qf2 Qd8 26. Qd2 Qb6 27. Bd1 Qa6 28. Be2 Qa3 29. h3 a5 30. Kh2 a4 31. Bd1 axb3 32. axb3 Qa1 33. Bc2 b6 34. Qc1 Qa2 35. Qd2 Kf7 36. Bd1 Qb1 37. Qc2 Qa1 38. Qc1 Qa8 39. Qd2 g6 40. Bc2 h5 41. Bd3 Qa3 42. Bc2 b5 43. Qe2 bxc4 44. bxc4 Qc3 45. Bd3 Kg7 46. Qc2 Qe1 47. Qe2 Qa1 48. Qf2 Qa3 49. Qd2 Bh4 50. g3 Be7 51. Bf1 Qb3 52. Qd3 Qa2+ 53. Qe2 Qb1 54. Bg2 Ba4 55. Qf3 Kf7 56. Qa8 h4 57. Qxa4 hxg3+ 58. Kxg3 Qe1+ 59. Kf3 Bh4 60. Qd7+ Kg8 61. Qxe6+ Kh7 62. Qd5 Qg3+ 63. Ke2 Qe1+ 64. Kd3 Qb1+ 65. Kd2 Qb4+ 66. Kc2 Qa4+ 67. Kd3 Qd1+ 68. Bd2 Be1 69. Ke3 Bg3 70. e6 Bh4 71. e7 Bxe7 72. Qf7+ Kh6 73. Qxe7 Qb3+ 74. Kf2 Qxc4 75. Qe3 1-0

[Event "Tambov Region-ch"]
[Site "Tambov"]
[Date "2018.02.21"]
[Round "8"]
[White "Shcherbashin, Victor"]
[Black "Machekhin, Evgeniy A"]
[Result "1/2-1/2"]
[WhiteElo "2188"]
[BlackElo "2090"]
[PlyCount "70"]
[EventDate "2018.02.21"]
[EventType "swiss"]
[EventRounds "9"]
[EventCountry "RUS"]
[SourceTitle "CBM 183 Extra"]
[Source "ChessBase"]
[SourceDate "2018.04.19"]
[SourceVersion "1"]
[SourceVersionDate "2018.04.19"]
[SourceQuality "1"]

1. e4 c5 2. Nf3 e6 3. Nc3 a6 4. a4 Nc6 5. Be2 Nf6 6. 0-0 d5 7. exd5 exd5 8. d4 Be7 9. dxc5 d4 10. Na2 Bxc5 11. Bg5 0-0 12. Nc1 h6 13. Bh4 g5 14. Bg3 Ne4 15. Nb3 Ba7 16. Nfd2 f5 17. Nxe4 fxe4 18. Bc4+ Kg7 19. Kh1 Bf5 20. Re1 Rc8 21. Be2 Nb4 22. Be5+ Kh7 23. Bxd4 Bb8 24. c3 Qc7 25. g3 Nd3 26. Bxd3 exd3 27. f3 Rce8 28. Bc5 Qc6 29. Bxf8 Rxe1+ 30. Qxe1 Qxf3+ 31. Kg1 Be4 32. Qf1 Qh1+ 33. Kf2 Qf3+ 34. Kg1 Qh1+ 35. Kf2 Qf3+ 1/2-1/2

[Event "Tambov Region-ch"]
[Site "Tambov"]
[Date "2018.02.21"]
[Round "4"]
[White "Shcherbashin, Victor"]
[Black "Nevzorov, Nikolay G"]
[Result "1-0"]
[WhiteElo "2188"]
[BlackElo "2093"]
[PlyCount "89"]
[EventDate "2018.02.21"]
[EventType "swiss"]
[EventRounds "9"]
[EventCountry "RUS"]
[SourceTitle "CBM 183 Extra"]
[Source "ChessBase"]
[SourceDate "2018.04.19"]
[SourceVersion "1"]
[SourceVersionDate "2018.04.19"]
[SourceQuality "1"]

1. e4 Nf6 2. e5 Nd5 3. d4 d6 4. c4 Nb6 5. f4 g6 6. Nc3 Bg7 7. Nf3 0-0 8. Be2 Bg4 9. 0-0 c6 10. Be3 d5 11. b3 Bxf3 12. Rxf3 f5 13. Bf2 e6 14. h3 N8d7 15. c5 Nc8 16. b4 a6 17. a4 Ne7 18. Bh4 Kf7 19. Kh2 Qb8 20. Rb1 Qc7 21. Qe1 Rfb8 22. Nd1 b5 23. cxb6 Qxb6 24. Bf2 Bf8 25. Rfb3 Nc8 26. Be3 Be7 27. g4 Nf8 28. Kg2 Na7 29. Qc3 Nd7 30. Nf2 h6 31. Nd3 Nc8 32. R3b2 Qb7 33. Nc5 Bxc5 34. bxc5 Qc7 35. Qe1 Rxb2 36. Rxb2 Rb8 37. Rxb8 Nxb8 38. Qh4 Qe7 39. Qxh6 Qf8 40. Qxf8+ Kxf8 41. Bd2 Ke7 42. Ba5 Kd7 43. Kg3 Ne7 44. Kh4 fxg4 45. hxg4 1-0

[Event "Tambov Korensky Memorial 26th"]
[Site "Tambov"]
[Date "2017.08.26"]
[Round "8"]
[White "Shcherbashin, Victor"]
[Black "Lukovnikov, Alexander"]
[Result "1/2-1/2"]
[WhiteElo "2018"]
[BlackElo "2253"]
[PlyCount "133"]
[EventDate "2017.08.19"]
[EventType "swiss"]
[EventRounds "9"]
[EventCountry "RUS"]
[SourceTitle "CBM 180 Extra"]
[Source "ChessBase"]
[SourceDate "2017.10.06"]
[SourceVersion "1"]
[SourceVersionDate "2017.10.06"]
[SourceQuality "1"]

1. e4 g6 2. d4 Bg7 3. Nc3 d6 4. Nf3 Nf6 5. Be2 0-0 6. 0-0 Bg4 7. h3 Bxf3 8. Bxf3 Nfd7 9. Ne2 Nc6 10. c3 e5 11. Be3 Nb6 12. Qb3 Qe7 13. g3 Kh8 14. Bg2 Rad8 15. Rae1 Qd7 16. f4 exf4 17. Nxf4 Ne7 18. Bc1 Nc6 19. h4 Na5 20. Qd1 Qe7 21. Qd3 c6 22. Nh3 h6 23. Nf2 c5 24. Ng4 h5 25. Ne3 cxd4 26. cxd4 Nc6 27. Nd5 Qe6 28. Kh2 Bxd4 29. Bh3 Qe5 30. Nf6 Qxf6 31. Rxf6 Bxf6 32. Qf3 Bg7 33. Bg5 Ne5 34. Qb3 Rde8 35. Rf1 Kg8 36. Qd1 Nc6 37. Qf3 Nc4 38. b3 Nd4 39. Qd1 Ne5 40. Kg2 Nec6 41. Qd3 Ne6 42. Bxe6 Rxe6 43. Qb5 Rb8 44. Rc1 Re5 45. Qd3 Re6 46. Qb5 Re5 47. Qc4 Rbe8 48. Rf1 R8e6 49. Rf4 Rc5 50. Qf1 Ne5 51. Rf2 Rc7 52. Qb5 Ng4 53. Re2 Kh7 54. Bd8 a6 55. Qd5 Rd7 56. Bg5 Re5 57. Qc4 Re6 58. Qc8 Ne5 59. Bf4 Rde7 60. Bg5 f6 61. Bf4 Ng4 62. Rd2 Rxe4 63. Bxd6 Re2+ 64. Rxe2 Rxe2+ 65. Kf1 Rd2 66. Bf4 Nh2+ 67. Ke1 1/2-1/2

[Event "Tambov Korensky Memorial 26th"]
[Site "Tambov"]
[Date "2017.08.25"]
[Round "7"]
[White "Korensky, Sergey"]
[Black "Shcherbashin, Victor"]
[Result "0-1"]
[WhiteElo "2194"]
[BlackElo "2018"]
[PlyCount "74"]
[EventDate "2017.08.19"]
[EventType "swiss"]
[EventRounds "9"]
[EventCountry "RUS"]
[SourceTitle "CBM 180 Extra"]
[Source "ChessBase"]
[SourceDate "2017.10.06"]
[SourceVersion "1"]
[SourceVersionDate "2017.10.06"]
[SourceQuality "1"]

1. e4 c5 2. Nf3 Nc6 3. Nc3 g6 4. d4 cxd4 5. Nxd4 Bg7 6. Nb3 Nf6 7. Be2 d6 8. Bg5 a6 9. 0-0 0-0 10. Re1 b5 11. Bf1 Nd7 12. Qc1 Re8 13. Nd5 Bb7 14. c3 Rc8 15. f4 Nb6 16. Qe3 Na4 17. Qf2 h6 18. Bh4 Bf8 19. Rad1 Na5 20. Nxa5 Qxa5 21. Kh1 Bxd5 22. exd5 Qb6 23. Qc2 Qc7 24. Bf2 Nc5 25. h4 Qd7 26. b4 Na4 27. c4 Bg7 28. c5 Qg4 29. Be2 Qxf4 30. Bf3 dxc5 31. bxc5 Nxc5 32. Bxc5 Qxh4+ 33. Kg1 Bd4+ 34. Rxd4 Qxe1+ 35. Kh2 Qe5+ 36. Kh3 Qxd4 37. Bxd4 Rxc2 0-1

[Event "Tambov Korensky Memorial 26th"]
[Site "Tambov"]
[Date "2017.08.21"]
[Round "3"]
[White "Vyaznikov, Sergey O"]
[Black "Shcherbashin, Victor"]
[Result "0-1"]
[WhiteElo "2211"]
[BlackElo "2018"]
[PlyCount "76"]
[EventDate "2017.08.19"]
[EventType "swiss"]
[EventRounds "9"]
[EventCountry "RUS"]
[SourceTitle "CBM 180 Extra"]
[Source "ChessBase"]
[SourceDate "2017.10.06"]
[SourceVersion "1"]
[SourceVersionDate "2017.10.06"]
[SourceQuality "1"]

1. d4 d5 2. Nf3 Nf6 3. g3 c6 4. Bg2 Bf5 5. 0-0 e6 6. c4 Be7 7. Nc3 h6 8. Bf4 Nbd7 9. cxd5 exd5 10. Rc1 0-0 11. Ne5 Bh7 12. Nxd7 Qxd7 13. Qa4 Rfd8 14. b4 a6 15. Qb3 Nh5 16. Bd2 Bf6 17. Be3 g5 18. Na4 Qe7 19. Nc5 Ng7 20. Rfd1 Nf5 21. Rc3 Nd6 22. Qb2 Re8 23. a3 Bf5 24. Qc1 Qf8 25. h3 Re7 26. g4 Bh7 27. Bf3 Qg7 28. a4 Rae8 29. Kf1 Bg6 30. Kg2 Qh7 31. Kg1 Bg7 32. Nb3 f5 33. Bd2 Bf6 34. e3 fxg4 35. hxg4 h5 36. Re1 hxg4 37. Bxg4 Ne4 38. Rc5 Qh4 0-1

[Event "Tambov Korensky Memorial 26th"]
[Site "Tambov"]
[Date "2017.08.20"]
[Round "2"]
[White "Pishchalnikov, Roman A"]
[Black "Shcherbashin, Victor"]
[Result "0-1"]
[WhiteElo "1797"]
[BlackElo "2018"]
[PlyCount "86"]
[EventDate "2017.08.19"]
[EventType "swiss"]
[EventRounds "9"]
[EventCountry "RUS"]
[SourceTitle "CBM 180 Extra"]
[Source "ChessBase"]
[SourceDate "2017.10.06"]
[SourceVersion "1"]
[SourceVersionDate "2017.10.06"]
[SourceQuality "1"]

1. d4 d5 2. c4 c6 3. Nf3 Nf6 4. e3 Bf5 5. Nc3 e6 6. b3 Nbd7 7. Bd3 Bb4 8. Bb2 Qa5 9. Qc2 Bxd3 10. Qxd3 Ne4 11. Rc1 Qxa2 12. 0-0 Qxb3 13. cxd5 exd5 14. Rfd1 0-0 15. Nxe4 Qxd3 16. Rxd3 dxe4 17. Rb3 a5 18. Ng5 Nf6 19. f3 Bd2 20. Rf1 a4 21. Ra3 Bb4 22. Ra2 a3 23. Ba1 Rfe8 24. Rb1 Ra4 25. Rb3 b5 26. Rc2 h6 27. Nxe4 Nxe4 28. fxe4 Rc8 29. d5 c5 30. e5 Rd8 31. d6 Kf8 32. Rd3 a2 33. Rf2 Ke8 34. e4 Be1 35. Re2 Ba5 36. Rd5 Bb6 37. Red2 Kd7 38. Kf1 b4 39. Rf2 Ke6 40. Rf3 c4 41. Rg3 c3 42. Ke2 b3 43. Rxc3 Rxe4+ 0-1

[Event "Tambov Korensky Memorial 24th"]
[Site "Tambov"]
[Date "2015.08.22"]
[Round "1"]
[White "Mishuchkov, Nikolai Mikhailovic"]
[Black "Shcherbashin, Victor"]
[Result "1-0"]
[WhiteElo "2310"]
[BlackElo "1993"]
[PlyCount "105"]
[EventDate "2015.08.22"]
[EventType "swiss"]
[EventRounds "9"]
[EventCountry "RUS"]
[SourceTitle "EXT 2016"]
[Source "ChessBase"]
[SourceDate "2015.10.08"]
[SourceVersion "1"]
[SourceVersionDate "2015.10.08"]
[SourceQuality "1"]

1. d4 Nf6 2. Nf3 g6 3. Bg5 d5 4. Nbd2 Nbd7 5. e3 Bg7 6. h3 h6 7. Bf4 b6 8. Ne5 Nxe5 9. Bxe5 Bb7 10. Bb5+ c6 11. Bd3 0-0 12. c3 Rc8 13. 0-0 c5 14. Qe2 c4 15. Bc2 Ne4 16. f3 Nxd2 17. Qxd2 f5 18. Bxg7 Kxg7 19. e4 e6 20. exf5 gxf5 21. Rae1 Rf6 22. Qf4 Qc7 23. Qxc7+ Rxc7 24. g4 f4 25. h4 Kf8 26. Kf2 Rg7 27. Re5 Ke7 28. g5 hxg5 29. Rxg5 Rxg5 30. hxg5 Rf7 31. Rh1 Rg7 32. Rh4 Bc6 33. g6 Be8 34. Rg4 b5 35. a3 a5 36. Bb1 Kf8 37. Rxf4+ Kg8 38. Rf6 Re7 39. Ke3 Kg7 40. Rf4 b4 41. axb4 axb4 42. Rh4 bxc3 43. Rh7+ Kf6 44. bxc3 Rg7 45. Kf4 Rg8 46. Bc2 Rf8 47. Kg4 Bxg6 48. Rh6 Rg8 49. Kf4 Rg7 50. Rxg6+ Rxg6 51. Bxg6 e5+ 52. dxe5+ Kxg6 53. Ke3 1-0

[Event "Anna IRT op"]
[Site "Anna"]
[Date "2015.04.13"]
[Round "9"]
[White "Toroptsev, Anton"]
[Black "Shcherbashin, Victor"]
[Result "0-1"]
[WhiteElo "1674"]
[BlackElo "1895"]
[PlyCount "72"]
[EventDate "2015.04.09"]
[EventType "swiss"]
[EventRounds "9"]
[EventCountry "RUS"]
[SourceTitle "EXT 2022"]
[Source "ChessBase"]
[SourceDate "2021.10.06"]
[SourceVersion "1"]
[SourceVersionDate "2021.10.06"]
[SourceQuality "1"]

1. e4 c5 2. Nf3 Nc6 3. d4 cxd4 4. Nxd4 Nf6 5. Nxc6 bxc6 6. Nc3 e5 7. Bc4 Be7 8. 0-0 0-0 9. a3 Bb7 10. Be3 d5 11. exd5 cxd5 12. Bxd5 Nxd5 13. Nxd5 Qxd5 14. Qxd5 Bxd5 15. Rfd1 Be6 16. h3 a6 17. Rd2 f5 18. f4 e4 19. Rad1 Rfd8 20. Kf2 Kf7 21. Bd4 g5 22. g3 gxf4 23. gxf4 Rxd4 24. Rxd4 Bc5 25. Ke2 Bxd4 26. Rxd4 Rg8 27. Kf2 Rb8 28. b4 Rc8 29. Rd2 Rc3 30. Re2 Bc4 31. Re3 Rxc2+ 32. Ke1 Ke6 33. Kd1 Rf2 34. Rc3 Kd5 35. a4 Kd4 36. Rc2 Bb3 0-1

[Event "Borisoglebsk Bocharov Memorial"]
[Site "Borisoglebsk"]
[Date "2015.03.19"]
[Round "2"]
[White "Skvortsov, Andrey"]
[Black "Shcherbashin, Victor"]
[Result "1-0"]
[WhiteElo "2150"]
[BlackElo "1895"]
[PlyCount "43"]
[EventDate "2015.03.19"]
[EventType "swiss"]
[EventRounds "9"]
[EventCountry "RUS"]
[SourceTitle "CBM 165 Extra"]
[Source "ChessBase"]
[SourceDate "2015.04.21"]
[SourceVersion "1"]
[SourceVersionDate "2015.04.21"]
[SourceQuality "1"]

1. e4 c5 2. c3 Nc6 3. d4 cxd4 4. cxd4 d5 5. exd5 Qxd5 6. Nf3 e6 7. Nc3 Bb4 8. Be2 Nf6 9. 0-0 Bxc3 10. bxc3 b6 11. Ba3 Qa5 12. Qb3 Ba6 13. Rfe1 Bxe2 14. Rxe2 0-0-0 15. Ne5 Nxe5 16. dxe5 Nd7 17. Be7 Nc5 18. Qb4 Qa6 19. Re3 Nd3 20. Qe4 Nc5 21. Qc6+ Kb8 22. Bxc5 1-0

[Event "Tambov Korensky Memorial 23rd"]
[Site "Tambov"]
[Date "2014.08.24"]
[Round "2"]
[White "Korensky, Sergey"]
[Black "Shcherbashin, Victor"]
[Result "1-0"]
[WhiteElo "2245"]
[BlackElo "1817"]
[PlyCount "63"]
[EventDate "2014.08.23"]
[EventType "swiss"]
[EventRounds "9"]
[EventCountry "RUS"]
[SourceTitle "EXT 2015"]
[Source "ChessBase"]
[SourceDate "2014.11.20"]
[SourceVersion "1"]
[SourceVersionDate "2014.11.20"]
[SourceQuality "1"]

1. e4 c5 2. Nf3 Nc6 3. d4 cxd4 4. Nxd4 Nf6 5. Nc3 e5 6. Ndb5 d6 7. Bg5 a6 8. Na3 b5 9. Nd5 Be7 10. Bxf6 Bxf6 11. c3 Bg5 12. Nc2 0-0 13. a4 bxa4 14. Rxa4 a5 15. Bc4 Kh8 16. 0-0 f5 17. exf5 Bxf5 18. Qe2 Ne7 19. Rfa1 Bd7 20. R4a2 Bc6 21. Qd3 Nxd5 22. Bxd5 Bxd5 23. Qxd5 Qb6 24. Rf1 Rxf2 25. Rxf2 Rf8 26. Qd4 Qd8 27. Rxf8+ Qxf8 28. Qf2 Qa8 29. Rxa5 Qe8 30. Qf3 e4 31. Qh5 Qxh5 32. Ra8+ 1-0

[Event "Borisoglebsk Summer op"]
[Site "Borisoglebsk"]
[Date "2014.06.06"]
[Round "1"]
[White "Shcherbashin, Victor"]
[Black "Shcherbashin, Roman"]
[Result "1/2-1/2"]
[WhiteElo "1784"]
[BlackElo "1918"]
[PlyCount "62"]
[EventDate "2014.06.06"]
[EventType "swiss"]
[EventRounds "9"]
[EventCountry "RUS"]
[SourceTitle "EXT 2015"]
[Source "ChessBase"]
[SourceDate "2014.11.20"]
[SourceVersion "1"]
[SourceVersionDate "2014.11.20"]
[SourceQuality "1"]

1. e4 e5 2. Nf3 Nc6 3. Nc3 Nf6 4. Bb5 Bb4 5. 0-0 0-0 6. d3 d6 7. h3 h6 8. a3 Ba5 9. Bc4 Bxc3 10. bxc3 a6 11. Rb1 b5 12. Bb3 Na5 13. Ba2 Be6 14. Bxe6 fxe6 15. Bd2 c5 16. a4 Qd7 17. axb5 axb5 18. Rb2 Rfb8 19. Qe2 Nc6 20. Rfb1 Ra5 21. c4 b4 22. c3 Ra4 23. cxb4 cxb4 24. Qd1 Qa7 25. Ne1 d5 26. exd5 exd5 27. Nc2 dxc4 28. dxc4 b3 29. Rxb3 Rxb3 30. Rxb3 Rxc4 31. Ne3 Ra4 1/2-1/2